| 000 | 00665nam a2200241Ia 4500 | ||
|---|---|---|---|
| 003 | OSt | ||
| 005 | 20220918165637.0 | ||
| 006 | a|||||r|||| 00| 0 | ||
| 007 | ta | ||
| 008 | 220917b |||||||| |||| 00| 0 eng d | ||
| 020 | _a8170209269 (hbk) | ||
| 024 | _a188,436 | ||
| 037 | _cTextual | ||
| 040 |
_aARTS _cARTS _beng |
||
| 041 |
_2eng _aeng |
||
| 082 | _aQ111 : g ( B9 : 8 ), N9 | ||
| 100 |
_aWallis H.W. _925027 |
||
| 245 | 0 | _aThe cosmology of the rigveda | |
| 260 |
_aNew Delhi _bCosmo publications _c1999 |
||
| 300 |
_axii, 130p. _ccm. |
||
| 942 |
_hQ111 : g ( B9 : 8 ), N9 _cTEXL _2CC |
||
| 999 |
_c130606 _d130606 |
||